000 00403nam a2200157Ia 4500
005 20251020182606.0
008 200515s9999 xx 000 0 und d
082 _aSC/377.4/P45
110 _aDirección General de Educación Básica Laboral y Calificación
245 0 _aGuía de Construcción Curricular
260 _aLima
260 _c19??
300 _a54
650 _aCURRICULUM
942 _cLIB
999 _c3204
_d3204